000 00945nas a2200313 4500
001 BR0201920
003 BR-BrBNA
005 20231205102856.0
007 ta
008 230509b bl.|||p| |||| 00| 00por d
040 _aBR-BrBNA
_bpor
_cBiblioteca Nacional de Agricultura
041 _a(Pt)
072 _aT01; F62
100 1 _aOliveira, J.A. de
100 1 _aCambraia, J.
100 1 _aCano, M.A.O.
100 1 _aJordão, C.P.
245 1 _aAbsorção e acúmulo de cádmio e seus efeitos sobre o crescimento relativo de plantas de aguapé e de salvínia
650 _aSÁLVIA
650 _aBARONEZA
650 _aPOLUIÇÃO
650 _aCADMIO
650 _aMETAL PESADO
650 _aCRESCIMENTO
650 _aMINAS GERAIS
773 0 _tRevista Brasileira de Fisiologia Vegetal (Brazil)
_xISSN 0103-3131
_g(Dec 2001), v. 13(3) p. 329-341
_wBR0201920
909 _a202311
_bLúcia
_c55
_dLúcia Elande
942 _2AGRIS
_n0
_cANA
999 _c169830
_d169830